000 00387 a2200145 4500
005 20250623113503.0
020 _a0 7131 3304 X
082 _aLM 669 ROL
100 _aROLLASON, E. C.
245 _aMetallurgy for Engineers
250 _a4th Ed.
260 _aLondon,
_bEdward Arnold Publishers Ltd,
_c1973.
300 _aviii,448p.: Ill.; figure & table.
_bIndex
_c22cm.
942 _2ddc
_cBKS
999 _c3438
_d3438